000 nam a22 a 4500
999 _c370936
_d370936
003 BLK
005 20200625133525.0
008 200625b bu ||||| |||| 00| 0 bu d
020 _a954-11-0097-X
040 _aBLK
041 _aBUL
_cBUL
080 _aАмериканска литература (на САЩ)
_b821.111(73)
_x-31
_z821.111(73)-31
100 _9253822
_aКембъл, Бетани
_eпърви автор
139 _aКембъл, Бетани
245 _aЛюбов като на кино
_bРоман
_cБетани Кембъл ; Прев. от англ. Екатерина Бойчинова, Албена Пунева
260 _9216887
_aСофия
_bАрлекин България
_c1993
300 _a154 с.
_c17 см
380 _aX
490 _9416005
_aАрлекин. Романс
_v45
500 _aОриг. загл. Only Make-Believe / Bethany Campbell. - Офс. изд.
700 _9247769
_aБойчинова, Екатерина
_eпрев. от англ.
700 _9332712
_aПунева, Албена
_eпрев. от англ.
852 _aЦб I 27100
_bЦб
942 _cKNG
_n0
_s1
944 _aCR
_c2020-06-25
_kгц